Normal view
MARC view
- التسويق عبر الانترنت
Entry Topical Term
001 - CONTROL NUMBER
- control field: 28178
003 - CONTROL NUMBER IDENTIFIER
- control field: JO-AjAnu
005 - DATE AND TIME OF LATEST TRANSACTION
- control field: 20230606074758.0
008 - FIXED-LENGTH DATA ELEMENTS
- fixed length control field: 230606|| aca||aabn | a|a d
040 ## - CATALOGING SOURCE
- Original cataloging agency: JO-AjAnu
- Transcribing agency: JO-AjAnu
150 ## - HEADING--TOPICAL TERM
- Topical term or geographic name entry element: التسويق عبر الانترنت
670 ## - SOURCE DATA FOUND
- Source citation: Work cat.: (JO-AjAnu)14464: العلاق،بشير, author 28177, اساسيات وتطبيقات الترويج الالكتروني والتقليدي:مدخل متكامل